[Event "26th WSCC 2016 Open 65+"]
[Site "Marianske Lazne, Czech Republic - Hotel Cristal and Continental"]
[Date "2016.11.24"]
[Round "6.13"]
[White "Zilbert, Oleg"]
[Black "Boehnisch, Manfred"]
[Result "1/2-1/2"]
[WhiteElo "2208"]
[BlackElo "2297"]
[PlyCount "66"]
[EventDate "2016.11.19"]

1. e4 c5 2. Nf3 d6 3. Bb5+ Bd7 4. Bxd7+ Qxd7 5. O-O Nf6 6. Qe2 Nc6 7. c3 e6 8.
Rd1 Be7 9. d3 O-O 10. Nbd2 b5 11. d4 cxd4 12. cxd4 a6 13. e5 Nd5 14. Ne4 Rfd8
15. Bg5 dxe5 16. Nxe5 Nxe5 17. dxe5 Bxg5 18. Nxg5 h6 19. Ne4 Rac8 20. g3 Rc6
21. Qg4 Kf8 22. Rac1 Qc7 23. Rxc6 Qxc6 24. Nc3 Qa8 25. Qd4 Kg8 26. Ne4 Rd7 27.
Nd6 Qc6 28. Qd2 Rc7 29. Qd4 Qc5 30. Qg4 Kf8 31. Qe4 Kg8 32. Qg4 Qb4 33. Qe2 Kf8
1/2-1/2

[Event "26th WSCC 2016 Open 65+"]
[Site "Marianske Lazne, Czech Republic - Hotel Cristal and Continental"]
[Date "2016.11.24"]
[Round "6.14"]
[White "Sveshnikov, Evgeny"]
[Black "Sobolevsky, Leonid"]
[Result "1-0"]
[WhiteElo "2489"]
[BlackElo "2207"]
[PlyCount "141"]
[EventDate "2016.11.19"]

1. e4 e5 2. Nc3 Nc6 3. Bc4 Nf6 4. d3 Bb4 5. Nge2 d5 6. exd5 Nxd5 7. O-O Nxc3 8.
bxc3 Bd6 9. Ng3 O-O 10. Qh5 Na5 11. Bd5 g6 12. Qh6 Be7 13. c4 c6 14. Bf3 f5 15.
Rb1 b6 16. Re1 Bf6 17. h4 Bg7 18. Qg5 Qxg5 19. hxg5 Bd7 20. c5 Rab8 21. Bd2 e4
22. dxe4 Nc4 23. Bf4 Be5 24. Bxe5 Nxe5 25. exf5 Nxf3+ 26. gxf3 Bxf5 27. Re7
Bxc2 28. Rc1 Bd3 29. cxb6 Rxb6 30. Rc3 Bb1 31. Rxa7 Rf7 32. Ra8+ Rf8 33. Ra5
Rb5 34. Rxb5 cxb5 35. a3 Bf5 36. Kg2 h6 37. gxh6 Kh7 38. Rc5 Bd3 39. Rc3 Rd8
40. Ne4 Kxh6 41. Kg3 Rd4 42. Kf4 Bc4 43. Ke3 Rd1 44. Nd2 Re1+ 45. Kd4 Rd1 46.
Rc2 Bb3 47. Rb2 Ba4 48. Kc5 Kg5 49. Ne4+ Kf4 50. Nc3 Rc1 51. Kb4 Kxf3 52. Nxb5
Bxb5 53. Kxb5 Rc8 54. Ra2 Rc1 55. a4 Rb1+ 56. Kc6 Rc1+ 57. Kd7 Rd1+ 58. Ke7 g5
59. a5 g4 60. a6 Rh1 61. Kd6 Re1 62. a7 Re8 63. Kc6 Rf8 64. Rb2 Rf6+ 65. Kb7
Rf7+ 66. Ka6 Rf8 67. Rb8 Rf6+ 68. Kb5 Rf5+ 69. Kb4 Rf4+ 70. Kb3 Kxf2 71. a8=Q
1-0

[Event "26th WSCC 2016 Open 65+"]
[Site "Marianske Lazne, Czech Republic - Hotel Cristal and Continental"]
[Date "2016.11.24"]
[Round "6.15"]
[White "Okhotnik, Vladimir"]
[Black "Roeder, Gerd"]
[Result "1-0"]
[WhiteElo "2434"]
[BlackElo "2207"]
[PlyCount "99"]
[EventDate "2016.11.19"]

1. c4 c6 2. e4 e5 3. Nf3 Qa5 4. g3 Nf6 5. Bg2 d6 6. O-O Be7 7. Nc3 O-O 8. d4
Bg4 9. h3 Bxf3 10. Bxf3 Nbd7 11. Bg2 exd4 12. Qxd4 Qc5 13. Rd1 Qxd4 14. Rxd4
Nc5 15. Be3 Rfd8 16. Rad1 Ne6 17. R4d2 Kf8 18. f4 Ke8 19. a3 Nd7 20. h4 a5 21.
h5 h6 22. Bf3 a4 23. g4 Ndc5 24. Rg2 f6 25. Ne2 Ra6 26. Ng3 Rb6 27. Rgd2 Rb3
28. Kf2 Bf8 29. Nf5 Ra8 30. Ke2 Rd8 31. Rc1 Rd7 32. Rc3 Rxc3 33. bxc3 Nb3 34.
Rb2 Nec5 35. g5 fxg5 36. fxg5 hxg5 37. Bxg5 Ne6 38. Bh4 g6 39. hxg6 Nf4+ 40.
Ke3 Nc5 41. Rh2 Nce6 42. Bg3 Nxg6 43. Bh5 Kf7 44. Rf2 Kf6 45. Nh4+ Kg5 46. Rf5+
Kh6 47. Bxg6 Be7 48. Rh5+ Kg7 49. Bf5 Bxh4 50. Bxh4 1-0

[Event "26th WSCC 2016 Open 65+"]
[Site "Marianske Lazne, Czech Republic - Hotel Cristal and Continental"]
[Date "2016.11.24"]
[Round "6.16"]
[White "Tapper, Larry"]
[Black "Bogdanov, Valentin"]
[Result "0-1"]
[WhiteElo "2212"]
[BlackElo "2385"]
[PlyCount "78"]
[EventDate "2016.11.19"]

1. e4 e6 2. d4 d5 3. Nc3 Bb4 4. Nge2 dxe4 5. a3 Be7 6. Nxe4 Nf6 7. N2c3 Nc6 8.
Be3 O-O 9. Qd2 e5 10. Nxf6+ Bxf6 11. d5 Nd4 12. Ne4 Be7 13. Bc4 Nf5 14. O-O-O
Nd6 15. Nxd6 cxd6 16. h3 Bf5 17. Bd3 Qd7 18. g4 Bxd3 19. Qxd3 f5 20. f3 f4 21.
Bf2 b5 22. Rhe1 a5 23. Re4 Bd8 24. Kb1 Qb7 25. a4 bxa4 26. Rxa4 Rb8 27. Qa3 Bb6
28. Bxb6 Qxb6 29. Rxa5 e4 30. Ra6 Qb5 31. fxe4 f3 32. Ra5 Qe2 33. Qd3 Rb4 34.
Ra3 Rxe4 35. Rf1 Qxf1+ 36. Qxf1 f2 37. Ka2 Re1 38. Qa6 f1=Q 39. c4 Ra1+ 0-1

[Event "26th WSCC 2016 Open 65+"]
[Site "Marianske Lazne, Czech Republic - Hotel Cristal and Continental"]
[Date "2016.11.24"]
[Round "6.17"]
[White "Renman, Nils-Gustaf"]
[Black "Sprotte, Norbert"]
[Result "1-0"]
[WhiteElo "2352"]
[BlackElo "2196"]
[PlyCount "59"]
[EventDate "2016.11.19"]

1. d4 Nf6 2. Nf3 c5 3. d5 b5 4. Bg5 Qb6 5. Nc3 b4 6. Na4 Qa5 7. b3 Ne4 8. Qd3
Nxg5 9. Nxg5 h6 10. Ne4 d6 11. Qe3 Qd8 12. O-O-O Bf5 13. Naxc5 dxc5 14. d6 Bxe4
15. Qxe4 Nd7 16. e3 Rb8 17. Bc4 e5 18. f4 Qf6 19. Rd5 Bxd6 20. Rf1 Qe7 21. fxe5
Nxe5 22. Rxe5 Bxe5 23. Bxf7+ Kd8 24. Qc6 Rf8 25. Rd1+ Bd4 26. exd4 Qe3+ 27. Kb1
Ke7 28. Qc7+ Kf6 29. Rf1+ Kg5 30. Qxc5+ 1-0

[Event "26th WSCC 2016 Open 65+"]
[Site "Marianske Lazne, Czech Republic - Hotel Cristal and Continental"]
[Date "2016.11.24"]
[Round "6.18"]
[White "Harestad, Thor Geir"]
[Black "Rooze, Jan"]
[Result "0-1"]
[WhiteElo "2211"]
[BlackElo "2335"]
[PlyCount "114"]
[EventDate "2016.11.19"]

1. d4 Nf6 2. c4 e6 3. Nc3 Bb4 4. Bg5 c5 5. d5 exd5 6. cxd5 d6 7. e3 h6 8. Bh4
Nbd7 9. Nge2 O-O 10. a3 Ba5 11. Rb1 Ne5 12. b4 Bb6 13. Nc1 cxb4 14. axb4 Bf5
15. Ra1 Rc8 16. N1a2 Ng6 17. Bg3 Ne4 18. Rc1 Nxg3 19. hxg3 Ne5 20. Be2 Re8 21.
O-O Bd7 22. Qb3 Qg5 23. Ne4 Qg6 24. Nd2 a6 25. Nf3 Ng4 26. Rxc8 Bxc8 27. Nh4
Qf6 28. Bxg4 Bxg4 29. Qc3 Qg5 30. Qc4 Bd7 31. Rd1 Ba4 32. Re1 Bb5 33. Qb3 Rc8
34. Rc1 Re8 35. Nf3 Qg4 36. Rc3 Qd7 37. Qc2 Qg4 38. Qd2 Re4 39. Qc2 Rc4 40. Nd2
Rxc3 41. Nxc3 Bd7 42. Qb3 Qg6 43. Nc4 Bc7 44. Ne2 Qh5 45. Nf4 Qf5 46. Nd2 Bb5
47. Qc3 Bd8 48. e4 Qd7 49. Nh5 Qg4 50. Nf4 Bb6 51. Nc4 Qd1+ 52. Kh2 Bxf2 53.
Nxd6 Bg1+ 54. Kh3 Bd7+ 55. Nf5 Bd4 56. Qc7 h5 57. Qd8+ Kh7 0-1

[Event "26th WSCC 2016 Open 65+"]
[Site "Marianske Lazne, Czech Republic - Hotel Cristal and Continental"]
[Date "2016.11.24"]
[Round "6.19"]
[White "Maryasin, Boris"]
[Black "Golcman, Evgeny"]
[Result "1-0"]
[WhiteElo "2331"]
[BlackElo "2164"]
[PlyCount "89"]
[EventDate "2016.11.19"]

1. d4 d5 2. Nc3 Nf6 3. Bg5 e6 4. e4 dxe4 5. Nxe4 Be7 6. Bxf6 Bxf6 7. Nf3 O-O 8.
Qd2 b6 9. O-O-O Bb7 10. Bd3 Nd7 11. h4 e5 12. Nxf6+ Qxf6 13. Ng5 g6 14. h5 Qf4
15. Qxf4 exf4 16. hxg6 hxg6 17. Rh4 Nf6 18. Rxf4 Kg7 19. Rxf6 Kxf6 20. Nh7+ Kg7
21. Nxf8 Rxf8 22. Re1 Kf6 23. Be4 Re8 24. f3 Kg5 25. Kd2 Bc8 26. Bd5 Rxe1 27.
Kxe1 f5 28. g3 f4 29. g4 Kf6 30. Kd2 g5 31. Kd3 Bd7 32. c4 Be8 33. b4 Bg6+ 34.
Be4 Be8 35. b5 Bd7 36. a4 Be8 37. Kc3 Ke6 38. c5 Kf6 39. Kb4 Bd7 40. a5 Ke7 41.
a6 Kf6 42. Kc4 Be6+ 43. d5 Bd7 44. d6 Be6+ 45. Bd5 1-0

[Event "26th WSCC 2016 Open 65+"]
[Site "Marianske Lazne, Czech Republic - Hotel Cristal and Continental"]
[Date "2016.11.24"]
[Round "6.20"]
[White "Gal, Moshe"]
[Black "Neckar, Lubomir"]
[Result "1/2-1/2"]
[WhiteElo "2150"]
[BlackElo "2319"]
[PlyCount "27"]
[EventDate "2016.11.19"]

1. d4 Nf6 2. Bf4 d5 3. e3 c5 4. Nf3 Nc6 5. Be2 Qb6 6. Nc3 c4 7. Rb1 Bf5 8. a3
Qa5 9. O-O h6 10. Ne5 e6 11. Re1 Be7 12. Bf3 Rd8 13. e4 dxe4 14. Nxc6 1/2-1/2

[Event "26th WSCC 2016 Open 65+"]
[Site "Marianske Lazne, Czech Republic - Hotel Cristal and Continental"]
[Date "2016.11.24"]
[Round "6.21"]
[White "Van Riemsdijk, Herman C"]
[Black "Ofstad, Per"]
[Result "1-0"]
[WhiteElo "2309"]
[BlackElo "2129"]
[PlyCount "91"]
[EventDate "2016.11.19"]

1. e4 e5 2. Nf3 Nc6 3. Bc4 Nf6 4. d3 Be7 5. c3 O-O 6. O-O d5 7. exd5 Nxd5 8.
Re1 Bf6 9. a4 a6 10. a5 Bg4 11. Nbd2 Nf4 12. Ne4 Ng6 13. h3 Bf5 14. Nfg5 Nf4
15. Bxf4 exf4 16. Nxf6+ Qxf6 17. Nf3 Rae8 18. d4 Be4 19. Nd2 Bf5 20. Bd5 Nd8
21. Qf3 c6 22. Bc4 Ne6 23. Re5 g5 24. Rae1 Ng7 25. Bd3 Qg6 26. Bxf5 Qxf5 27.
Rxf5 Rxe1+ 28. Kh2 Nxf5 29. Qg4 Ng7 30. Nf3 Re6 31. Qxg5 Rfe8 32. Qxf4 f6 33.
Nd2 R8e7 34. Nc4 Rd7 35. Ne3 h5 36. Nf5 Re2 37. b4 Rd5 38. Ng3 Re7 39. f3 Kf7
40. Ne4 Ne8 41. c4 Rd8 42. Qf5 Rxd4 43. Qxh5+ Kg7 44. Qc5 Red7 45. h4 Nc7 46.
Qf5 1-0

[Event "26th WSCC 2016 Open 65+"]
[Site "Marianske Lazne, Czech Republic - Hotel Cristal and Continental"]
[Date "2016.11.24"]
[Round "6.22"]
[White "Shevelev, Arkady"]
[Black "Karmov, Mazhmudin"]
[Result "1/2-1/2"]
[WhiteElo "2283"]
[BlackElo "2122"]
[PlyCount "115"]
[EventDate "2016.11.19"]

1. e4 c5 2. Nf3 Nc6 3. d4 cxd4 4. Nxd4 Nf6 5. Nc3 g6 6. Nxc6 bxc6 7. e5 Ng8 8.
Bc4 Qa5 9. Bf4 Bg7 10. Qf3 Bxe5 11. Bxf7+ Kxf7 12. Bxe5+ Nf6 13. Bxf6 exf6 14.
O-O d5 15. Rfe1 Be6 16. Qf4 Rhe8 17. Qd6 Qb6 18. Na4 Rad8 19. Qf4 Qa5 20. Qd4
Bf5 21. Nc3 c5 22. Qd2 d4 23. Ne4 Qxd2 24. Nxd2 Bxc2 25. f3 a5 26. Kf2 Rb8 27.
Nc4 Red8 28. b3 a4 29. Nd2 Rd7 30. Rac1 d3 31. Re4 axb3 32. axb3 f5 33. Re5 Rc7
34. f4 Ra8 35. Ke3 Ra2 36. h3 Re7 37. Nf3 Rb2 38. Ra1 h6 39. Ra5 Bxb3 40. Raxc5
Rxg2 41. Kxd3 Rg3 42. Ke2 Bd1+ 43. Kxd1 Rxf3 44. Rxe7+ Kxe7 45. Rc7+ Ke8 46.
Rc8+ Kd7 47. Rg8 Rxf4 48. Rxg6 Rh4 49. Rf6 Rh5 50. Ke2 Ke7 51. Ra6 Rxh3 52. Kf2
Kf7 53. Kg2 Rh4 54. Kf3 Rh1 55. Kf4 Rf1+ 56. Kg3 Kg7 57. Rb6 h5 58. Kh4 1/2-1/2

[Event "26th WSCC 2016 Open 65+"]
[Site "Marianske Lazne, Czech Republic - Hotel Cristal and Continental"]
[Date "2016.11.24"]
[Round "6.23"]
[White "Gergel, Vladimir P"]
[Black "Shvedchikov, Anatoli I"]
[Result "0-1"]
[WhiteElo "2201"]
[BlackElo "2281"]
[PlyCount "106"]
[EventDate "2016.11.19"]

1. Nf3 Nf6 2. g3 d5 3. Bg2 c6 4. O-O h6 5. b3 Bf5 6. Bb2 e6 7. d3 Be7 8. Nbd2
O-O 9. Ne5 a5 10. a3 a4 11. b4 c5 12. b5 Qa5 13. c4 Rd8 14. Rb1 Nbd7 15. Qc2
Qc7 16. Nxd7 Rxd7 17. Rbd1 d4 18. Bc1 Bg6 19. Ne4 Ne8 20. f4 Ra7 21. Bh3 f5 22.
Nf2 b6 23. Bg2 Bf6 24. Bf3 Nd6 25. Nh3 Nf7 26. Bc6 Rd6 27. Bf3 Bh7 28. Nf2 g5
29. Kh1 e5 30. Rg1 exf4 31. gxf4 g4 32. Bd5 Rxd5 33. cxd5 Qd7 34. Rg2 Qxd5 35.
e4 dxe3 36. Bxe3 Nd6 37. d4 c4 38. Kg1 Re7 39. Bc1 Qxb5 40. d5 Qb3 41. Nh1 h5
42. Re2 h4 43. Qd2 Rxe2 44. Qxe2 Kg7 45. Nf2 Bg8 46. Be3 Nb5 47. Bd4 Nxd4 48.
Rxd4 g3 49. Rxc4 gxf2+ 50. Kxf2 Bxd5 51. Rc1 Bd4+ 52. Ke1 Qe3 53. Rc7+ Kg6 0-1

[Event "26th WSCC 2016 Open 65+"]
[Site "Marianske Lazne, Czech Republic - Hotel Cristal and Continental"]
[Date "2016.11.24"]
[Round "6.24"]
[White "Beltz, Robert"]
[Black "Gutkin, Boris"]
[Result "1/2-1/2"]
[WhiteElo "2135"]
[BlackElo "2275"]
[PlyCount "85"]
[EventDate "2016.11.19"]

1. Nf3 Nf6 2. c4 g6 3. d4 Bg7 4. Nc3 O-O 5. Bg5 h6 6. Bh4 d6 7. e3 Nbd7 8. Be2
e5 9. Nd2 c6 10. Nde4 g5 11. Nxf6+ Qxf6 12. dxe5 dxe5 13. Bg3 Nc5 14. Qc2 Bf5
15. e4 Bd7 16. O-O-O Rfd8 17. h4 Ne6 18. hxg5 hxg5 19. Kb1 Nf4 20. Bxf4 exf4
21. e5 Qxe5 22. Qh7+ Kf8 23. Bd3 Bg4 24. Rhe1 Qf6 25. f3 Rxd3 26. Qxd3 Bf5 27.
Re4 Bxe4 28. Qxe4 Rd8 29. Rxd8+ Qxd8 30. Kc2 Qa5 31. Qd3 Bxc3 32. Qxc3 Qc5 33.
b4 Qf5+ 34. Kb2 f6 35. Qc2 Qe5+ 36. Kb3 Qe3+ 37. Ka4 Qd4 38. Qe2 Kf7 39. Qc2
Ke6 40. Qh7 Qd1+ 41. Ka3 Qc1+ 42. Kb3 Qd1+ 43. Ka3 1/2-1/2

[Event "26th WSCC 2016 Open 65+"]
[Site "Marianske Lazne, Czech Republic - Hotel Cristal and Continental"]
[Date "2016.11.24"]
[Round "6.25"]
[White "Behling, Robert"]
[Black "Frick, Christoph"]
[Result "0-1"]
[WhiteElo "2118"]
[BlackElo "2275"]
[PlyCount "79"]
[EventDate "2016.11.19"]

1. c4 c6 2. e4 d5 3. exd5 cxd5 4. d4 Nf6 5. Nc3 Nc6 6. Bg5 Be6 7. a3 g6 8. Nge2
dxc4 9. Bxf6 exf6 10. d5 Ne5 11. Ng3 Bd7 12. Be2 Bg7 13. f4 Nd3+ 14. Bxd3 cxd3
15. Qxd3 O-O 16. O-O f5 17. Kh1 Qb6 18. Nge2 Rfe8 19. Qd2 Rac8 20. Rae1 Qb3 21.
Nc1 Qc4 22. Rxe8+ Rxe8 23. Rd1 h5 24. h4 Bf6 25. g3 Kg7 26. Kh2 b5 27. N3e2 Re4
28. Kg2 a5 29. b3 Qc7 30. Nd3 a4 31. b4 Qc4 32. Rc1 Qxd5 33. Kh2 Rc4 34. Rd1
Bc6 35. Nec1 Ba8 36. Qe2 Qe4 37. Qf1 Rc2+ 38. Nf2 Qf3 39. Ncd3 Be4 40. Kh3 0-1

[Event "26th WSCC 2016 Open 65+"]
[Site "Marianske Lazne, Czech Republic - Hotel Cristal and Continental"]
[Date "2016.11.24"]
[Round "6.26"]
[White "Gruzmann, Boris"]
[Black "Hutchinson, Norman A"]
[Result "1-0"]
[WhiteElo "2268"]
[BlackElo "2062"]
[PlyCount "51"]
[EventDate "2016.11.19"]

1. e4 c6 2. d4 d5 3. e5 Bf5 4. Nd2 e6 5. Nb3 Nd7 6. Nf3 Ne7 7. Be2 Nc8 8. O-O
Be7 9. Bd2 O-O 10. Na5 Qc7 11. c4 Be4 12. cxd5 Bxd5 13. Rc1 f6 14. Nc4 fxe5 15.
dxe5 Ncb6 16. Ba5 Rad8 17. Qd4 Bxf3 18. Bxf3 Bg5 19. Rce1 Rf4 20. Qd6 Qxd6 21.
Nxd6 Nxe5 22. Rxe5 Be7 23. Nxb7 Rb8 24. Bxb6 Rxb7 25. Be3 Ra4 26. Bxc6 1-0

[Event "26th WSCC 2016 Open 65+"]
[Site "Marianske Lazne, Czech Republic - Hotel Cristal and Continental"]
[Date "2016.11.24"]
[Round "6.27"]
[White "Vladimirsky, Mark"]
[Black "Sorensen, Bent"]
[Result "0-1"]
[WhiteElo "2023"]
[BlackElo "2263"]
[PlyCount "67"]
[EventDate "2016.11.19"]

1. c4 e6 2. d4 Bb4+ 3. Bd2 Bxd2+ 4. Qxd2 Nf6 5. Nc3 O-O 6. Nf3 d6 7. e3 Qe7 8.
Be2 e5 9. O-O Bg4 10. Ne1 Bxe2 11. Nxe2 Ne4 12. Qd3 exd4 13. exd4 Re8 14. Nf4
c6 15. Nc2 Qg5 16. g3 Nd7 17. Rae1 d5 18. cxd5 cxd5 19. Ne3 Nb6 20. f3 Nf6 21.
Kg2 g6 22. h4 Qh6 23. h5 Nxh5 24. Nexd5 Nxd5 25. Nxd5 Qg5 26. g4 Qxd5 27. gxh5
Qxh5 28. Re4 Rad8 29. Rfe1 Rxe4 30. Rxe4 Rd5 31. Qe2 Rg5+ 32. Rg4 Rxg4+ 33.
fxg4 Qd5+ 34. Kg3 0-1

[Event "26th WSCC 2016 Open 65+"]
[Site "Marianske Lazne, Czech Republic - Hotel Cristal and Continental"]
[Date "2016.11.24"]
[Round "6.28"]
[White "Huelsmann, Josef"]
[Black "Leitner, Walter"]
[Result "1-0"]
[WhiteElo "2219"]
[BlackElo "2039"]
[PlyCount "103"]
[EventDate "2016.11.19"]

1. d4 Nf6 2. Bg5 e6 3. e3 d5 4. Nd2 h6 5. Bh4 Be7 6. Bd3 Nbd7 7. f4 c5 8. c3 b6
9. Nh3 Bb7 10. Nf2 Rc8 11. O-O c4 12. Bc2 b5 13. a3 a5 14. Nf3 Qc7 15. Ne5 Bd6
16. Qf3 Ke7 17. Nfg4 Rcf8 18. Nxd7 Qxd7 19. Qg3 Qc7 20. Nxf6 gxf6 21. Qg7 Ke8
22. Qxf6 Be7 23. Qxe7+ Qxe7 24. Bxe7 Kxe7 25. f5 Kd6 26. fxe6 fxe6 27. Rxf8
Rxf8 28. Rf1 Rxf1+ 29. Kxf1 e5 30. dxe5+ Kxe5 31. Kf2 Bc8 32. Kg3 Bf5 33. Bxf5
Kxf5 34. Kf3 h5 35. g3 Ke5 36. g4 hxg4+ 37. Kxg4 Ke4 38. h4 Kxe3 39. h5 d4 40.
cxd4 b4 41. axb4 axb4 42. h6 c3 43. bxc3 b3 44. h7 b2 45. h8=Q b1=Q 46. Qh6+
Ke2 47. Qh2+ Ke3 48. Qf4+ Ke2 49. Kg5 Qd3 50. Qe5+ Kd1 51. d5 Kc2 52. Qf5 1-0

[Event "26th WSCC 2016 Open 65+"]
[Site "Marianske Lazne, Czech Republic - Hotel Cristal and Continental"]
[Date "2016.11.24"]
[Round "6.29"]
[White "Marsina, Stefan"]
[Black "Karlik, Vladimir"]
[Result "1/2-1/2"]
[WhiteElo "1910"]
[BlackElo "2217"]
[PlyCount "40"]
[EventDate "2016.11.19"]

1. Nf3 Nf6 2. c4 d6 3. d4 g6 4. g3 Bg7 5. Bg2 O-O 6. O-O c6 7. Nc3 Bf5 8. Nh4
Be6 9. d5 Bd7 10. h3 cxd5 11. cxd5 Na6 12. Be3 Qa5 13. a3 Nc7 14. b4 Qa6 15.
Bd4 Nb5 16. Nxb5 Bxb5 17. a4 Bc4 18. Qd2 b5 19. a5 Qc8 20. a6 Qd7 1/2-1/2

[Event "26th WSCC 2016 Open 65+"]
[Site "Marianske Lazne, Czech Republic - Hotel Cristal and Continental"]
[Date "2016.11.24"]
[Round "6.30"]
[White "Giffard, Nicolas"]
[Black "Myall, Ivan J"]
[Result "1-0"]
[WhiteElo "2313"]
[BlackElo "2042"]
[PlyCount "101"]
[EventDate "2016.11.19"]

1. d4 Nf6 2. c4 e6 3. Nf3 d5 4. Nc3 c6 5. e3 Bd6 6. Bd3 O-O 7. e4 dxe4 8. Bxe4
Nxe4 9. Nxe4 Bb4+ 10. Bd2 Qe7 11. O-O Bxd2 12. Qxd2 h6 13. c5 Nd7 14. Qc3 Nf6
15. Nd6 Nd5 16. Qd2 a5 17. Rfe1 Qf6 18. Re4 Ra6 19. Ne5 Qg5 20. Qxg5 hxg5 21.
Nexf7 Rxf7 22. Nxc8 Rf4 23. Rae1 Ra8 24. Nd6 Rxe4 25. Rxe4 Nc7 26. g3 Kh7 27.
Nxb7 Rb8 28. Nxa5 Rxb2 29. Nxc6 Rxa2 30. Nd8 Ra6 31. c6 Kg6 32. Nxe6 Rxc6 33.
Nxc7 Rxc7 34. Kg2 Kf5 35. Re5+ Kf6 36. g4 Rc4 37. Rf5+ Kg6 38. Rd5 Kh6 39. Kf3
Rc7 40. Ke4 g6 41. Rc5 Re7+ 42. Re5 Rf7 43. Ke3 Re7 44. f3 Rf7 45. d5 Ra7 46.
Kd4 Rf7 47. d6 Rxf3 48. d7 Rf1 49. Rd5 Rd1+ 50. Kc5 Rc1+ 51. Kd6 1-0

[Event "26th WSCC 2016 Open 65+"]
[Site "Marianske Lazne, Czech Republic - Hotel Cristal and Continental"]
[Date "2016.11.24"]
[Round "6.31"]
[White "Casden, Alan"]
[Black "Sloth, Jorn"]
[Result "1/2-1/2"]
[WhiteElo "2102"]
[BlackElo "2312"]
[PlyCount "27"]
[EventDate "2016.11.19"]

1. e4 Nf6 2. Nc3 d5 3. exd5 Nxd5 4. Bc4 e6 5. Nf3 Be7 6. d4 Nxc3 7. bxc3 Nd7 8.
Qe2 c5 9. O-O O-O 10. Re1 Nb6 11. Bd3 c4 12. Bxc4 Nxc4 13. Qxc4 Bd7 14. Ne5
1/2-1/2

[Event "26th WSCC 2016 Open 65+"]
[Site "Marianske Lazne, Czech Republic - Hotel Cristal and Continental"]
[Date "2016.11.24"]
[Round "6.32"]
[White "Pacl, Vaclav"]
[Black "Lind, Jan-Olov"]
[Result "1/2-1/2"]
[WhiteElo "2104"]
[BlackElo "2213"]
[PlyCount "85"]
[EventDate "2016.11.19"]

1. d4 g6 2. Bf4 Bg7 3. Nc3 d6 4. Nf3 Nd7 5. e4 e5 6. Bg5 Ngf6 7. dxe5 dxe5 8.
Qd2 h6 9. Bh4 c6 10. O-O-O Qe7 11. h3 O-O 12. Qe3 g5 13. Bg3 Nh5 14. Bh2 Nf4
15. Nd2 Ne6 16. Be2 Nf4 17. Bf3 b5 18. Ne2 Nb6 19. Ng3 Na4 20. Nf5 Bxf5 21.
exf5 e4 22. Nxe4 Bxb2+ 23. Kb1 Be5 24. f6 Nc3+ 25. Qxc3 Qc7 26. Rd7 Qxd7 27.
Qxe5 Rfe8 28. Qd6 Qf5 29. g4 Qe5 30. Qxe5 Rxe5 31. Bxf4 gxf4 32. Bg2 Rd8 33.
Kc1 Rd4 34. f3 Ra4 35. Rd1 Rd5 36. Re1 Rxa2 37. Nc3 Ra1+ 38. Nb1 Kh7 39. Re4
Kg6 40. Rxf4 Rxb1+ 41. Kxb1 Rd1+ 42. Kb2 Rg1 43. h4 1/2-1/2

[Event "26th WSCC 2016 Open 65+"]
[Site "Marianske Lazne, Czech Republic - Hotel Cristal and Continental"]
[Date "2016.11.24"]
[Round "6.33"]
[White "Furman, Boris"]
[Black "Ashby, Anthony C"]
[Result "1/2-1/2"]
[WhiteElo "2207"]
[BlackElo "2074"]
[PlyCount "66"]
[EventDate "2016.11.19"]

1. d4 Nf6 2. c4 e6 3. Nc3 Bb4 4. Nf3 b6 5. Bg5 h6 6. Bh4 g5 7. Bg3 Ne4 8. Qc2
Bb7 9. Nd2 Bxc3 10. bxc3 Nxd2 11. Qxd2 d6 12. h4 g4 13. h5 Qg5 14. Bf4 Qg7 15.
c5 bxc5 16. Rb1 Be4 17. Rb2 Nd7 18. f3 Bc6 19. Rh4 f5 20. fxg4 fxg4 21. e3 Nf6
22. Bd3 Ke7 23. dxc5 e5 24. cxd6+ cxd6 25. Bg3 Rhb8 26. Rh1 Kd7 27. c4 Ne4 28.
Bxe4 Bxe4 29. c5 Qe7 30. Bh4 Qe6 31. Rf1 Qd5 32. Rf7+ Kc6 33. Rf6 Qxc5 1/2-1/2

[Event "26th WSCC 2016 Open 65+"]
[Site "Marianske Lazne, Czech Republic - Hotel Cristal and Continental"]
[Date "2016.11.24"]
[Round "6.34"]
[White "Haubt, Georg"]
[Black "Harding, Tim D"]
[Result "0-1"]
[WhiteElo "2205"]
[BlackElo "2015"]
[PlyCount "68"]
[EventDate "2016.11.19"]

1. d4 e6 2. Nf3 Nf6 3. Bf4 c5 4. c3 Qb6 5. Qb3 d5 6. Na3 Bd7 7. Ne5 cxd4 8. e3
dxc3 9. bxc3 Nc6 10. Nxd7 Kxd7 11. Bd3 Qxb3 12. axb3 Bd6 13. Bg5 a6 14. Nc2
Rac8 15. f4 Ne4 16. Bxe4 dxe4 17. O-O-O f6 18. Bh4 Rhd8 19. Kb2 h6 20. g4 Ke7
21. Bg3 Bc5 22. Nd4 Bxd4 23. exd4 Rd5 24. Bf2 f5 25. Rhg1 Kf7 26. c4 Rd7 27.
gxf5 exf5 28. d5 Nb4 29. Bd4 g6 30. Rdf1 Nd3+ 31. Ka3 b5 32. Rg2 bxc4 33. Rc2
Rxd5 34. Be3 Ra5# 0-1

[Event "26th WSCC 2016 Open 65+"]
[Site "Marianske Lazne, Czech Republic - Hotel Cristal and Continental"]
[Date "2016.11.24"]
[Round "6.35"]
[White "Hjertenes, Oystein"]
[Black "Singer, Hans"]
[Result "0-1"]
[WhiteElo "2060"]
[BlackElo "2202"]
[PlyCount "82"]
[EventDate "2016.11.19"]

1. Nf3 d5 2. c4 e6 3. e3 Nf6 4. d4 Be7 5. Nc3 c6 6. a3 O-O 7. Bd3 dxc4 8. Bxc4
b5 9. Bd3 a6 10. Ne5 Bb7 11. O-O Nbd7 12. f4 c5 13. Nf3 Qb6 14. Kh1 Rfd8 15. b3
Bxf3 16. Rxf3 cxd4 17. exd4 Rac8 18. Bb2 g6 19. Ne2 Nd5 20. h3 Bf6 21. Qd2 a5
22. Rff1 Be7 23. Be4 N7f6 24. Bf3 Bd6 25. g3 h5 26. Bg2 b4 27. a4 Qb8 28. Rac1
Rxc1 29. Bxc1 Rc8 30. Bb2 Nc3 31. Nxc3 bxc3 32. Bxc3 Qxb3 33. Rf3 Ne4 34. Qb2
Qxa4 35. Qb7 Nxg3+ 36. Rxg3 Rxc3 37. Rf3 Rxf3 38. Qxf3 Qxd4 39. f5 exf5 40.
Qa8+ Kg7 41. Bd5 Qf2 0-1

[Event "26th WSCC 2016 Open 65+"]
[Site "Marianske Lazne, Czech Republic - Hotel Cristal and Continental"]
[Date "2016.11.24"]
[Round "6.36"]
[White "Sejkora, Vlastimil"]
[Black "Gerhard, Walter"]
[Result "1-0"]
[WhiteElo "2195"]
[BlackElo "2014"]
[PlyCount "101"]
[EventDate "2016.11.19"]

1. e4 e6 2. d4 d5 3. Nd2 Nf6 4. e5 Nfd7 5. Bd3 c5 6. c3 Nc6 7. Ne2 cxd4 8. cxd4
Qb6 9. O-O Nxd4 10. Nxd4 Qxd4 11. Nf3 Qb6 12. Qa4 Be7 13. Be3 Bc5 14. Bd2 Qd8
15. Qg4 g6 16. Bb5 a6 17. Bxd7+ Bxd7 18. Rac1 Rc8 19. h4 h5 20. Qg3 Kf8 21. Bg5
Be7 22. Qf4 Bxg5 23. Nxg5 Qe7 24. Rxc8+ Bxc8 25. Rc1 Kg7 26. Qxf7+ Qxf7 27.
Nxf7 Kxf7 28. Rc7+ Kg8 29. Rxc8+ Kg7 30. Rc7+ Kh6 31. Rxb7 g5 32. Rf7 gxh4 33.
Rf6+ Kg5 34. b4 Rb8 35. a3 a5 36. Kh2 h3 37. Kxh3 h4 38. f4+ Kh5 39. bxa5 Rb3+
40. Kh2 Rxa3 41. Rxe6 Rxa5 42. f5 d4 43. f6 Kg6 44. Re7 d3 45. f7 Kg7 46. e6 d2
47. Re8 Rf5 48. Rg8+ Kh7 49. Rd8 Kg7 50. e7 d1=Q 51. f8=Q+ 1-0